000 00953nas a2200289 4500
001 BR9600328
003 BR-BrBNA
005 20231205095651.0
007 ta
008 230509b bl.|||p| |||| 00| 00por d
040 _aBR-BrBNA
_bpor
_cBiblioteca Nacional de Agricultura
041 _a(Pt)
072 _aH20
100 1 _aCerezine, P.C.
100 1 _aOlinisky, I.R.
100 1 _aBittencourt, M.V.L.
100 1 _aValerio Filho, W.V.
245 1 _aMancha-foliar-de-Phyllosticta em gengibre; caracterizacao cultural do patogeno e efeito de tratamentos quimicos no controle da doenca em Morretes, estado do Parana
650 _aGengibre
650 _aQueima das Glumelas
650 _aFungicida
650 _aControle Quimico
650 _aPARANÁ
773 0 _tPesquisa Agropecuaria Brasileira (Brazil)
_xISSN 0100-204X
_g(Apr 1995), v. 30(4) p. 477-487
_wBR9600328
909 _a202311
_bLúcia
_c55
_dLúcia Elande
942 _2AGRIS
_n0
_cANA
999 _c152017
_d152017